000 00907naa a2200265 c 4500
001 26392
003 ES-MaCES
005 20140409114525.0
008 940114n1993 sp ||| | spa d
035 _aCES19980003250v
040 _aES-MaCES
_bspa
_cES-MaCES
100 1 _911083
_aDurán López, Federico
245 1 3 _aEl laudo arbitral en los conflictos laborales
_cFederico Durán López
650 4 _adoctrina jurídica
_930888
650 4 _aprocedimiento laboral
_930887
650 4 _aapelación
_929858
650 4 _alaudo arbitral
_929860
650 4 _aarreglo de conflicto
_927305
650 4 _aconflicto de trabajo
_928367
653 1 0 _aRelaciones laborales-Empleo
773 0 _tRelaciones laborales
_gLas Rozas, Madrid. - Año 9, n. 1 (8 en. 1993) ; p. 11-24
_w(ES-MaCES)25210
902 _aART Artículo de revista
942 _2CES
_cAR
_h2.0.
999 _c26392
_d26392